Recursos Naturales. Competencia, cooperación y conflicto en Sudamérica.

Сохранить в:
Библиографические подробности
Другие авторы: Gary Vera, Cristián (Редактор), Faundes, Cristián (Редактор)
Формат:
Опубликовано: Santiago, Chile: Ril Editores, 2014.
Редактирование:Primera edición.
Предметы:
Метки: Добавить метку
Нет меток, Требуется 1-ая метка записи!

MARC

LEADER 00000nam a22000007a 4500
003 CL-VaPUC
005 20230307094622.0
008 230127t2014 ||||| |||| 00| 0 eng d
999 |c 439985  |d 439983 
020 |a 978-956-01-0045-0 
040 |c Pontificia Universidad Católica de Valparaíso 
082 7 |a 338.98 GAR 2014  |2 22 
100 1 |a Gary Vera, Cristián   |e editor  |9 880206 
245 |a Recursos Naturales.   |b Competencia, cooperación y conflicto en Sudamérica.  
250 |a Primera edición.  
260 |a Santiago, Chile:  |b Ril Editores,  |c 2014. 
300 |a 213 páginas. 
500 |a Donación a Biblioteca 2017. 
583 |c 20230127  |k GC 
650 0 |a Recursos naturales  |9 255232  |z América Latina 
650 0 |a Economía ambiental   |9 321367  |z América Latina  
650 0 |a Desarrollo sustentable  |9 333905  |z Chile 
700 |a Faundes, Cristián   |e editor  |9 880207 
942 |2 ddc  |c BK 
952 |0 0  |1 0  |2 ddc  |4 0  |6 338_980000000000000_GAR_2014  |7 0  |8 A  |9 588785  |a BIBHIS  |b BIBHIS  |c GEN  |d 2023-01-27  |e Donación   |i 5656537  |o 338.98 GAR 2014  |p 5656537  |r 2025-01-20  |t 1  |w 2023-01-27  |y BK  |k HIS